000 00188 a2200097 4500
001 5489
100 _aHold
245 _aNature of solids
260 _a
_bcolumbia
_c
090 _c4505
_d4505
942 _aNUST-CAE
_cM
_c30829
999 _c240562
_d240562